书目信息 |
| 题名: |
体育教学法
|
|
| 作者: | B·M·卡恰什金 著 | |
| 分册: | ||
| 出版信息: | 北京 教育科学出版社 1984.10 |
|
| 页数: | 364页 | |
| 开本: | 20cm | |
| 丛书名: | ||
| 单 册: | ||
| 中图分类: | G807.04 | |
| 科图分类: | ||
| 主题词: | 体育理论 | |
| 电子资源: | ||
| ISBN: | 7-5043-3590-8 | |
| 000 | 00595nam0 2200205 450 | |
| 001 | 0755681254 | |
| 005 | 20071122152953.42 | |
| 010 | @a7-5043-3590-8@dCNY2.20 | |
| 100 | @a20071122d1984 km y0chiy0120 ea | |
| 101 | 0 | @achi |
| 102 | @aCN@b110000 | |
| 102 | @aCN@b110000 | |
| 200 | 1 | @a体育教学法@Ati yu jiao xue fa@f(苏)B·M·卡恰什金著@F(su)B·M·ka qia shen jin zhu |
| 210 | @a北京@c教育科学出版社@d1984.10 | |
| 215 | @a364页@d20cm | |
| 606 | 0 | @a体育理论 |
| 690 | @aG807.04@v4 | |
| 701 | 0 | @aB·M·卡恰什金@AB·M·ka qia shen jin@4著 |
| 801 | 0 | @aCN@bPFT@c20071122 |
| 905 | @aBZT@dG807.04@e30 | |
| 体育教学法/(苏)B·M·卡恰什金著.-北京:教育科学出版社,1984.10 |
| 364页;20cm |
| ISBN 7-5043-3590-8:CNY2.20 |
| ● |
| 相关链接 |
|
|
|
正题名:体育教学法
索取号:G807.04/30
 
预约/预借
| 序号 | 登录号 | 条形码 | 馆藏地/架位号 | 状态 | 备注 |
| 1 | 030387 | 200859561 | 中心书库北库/ 北库026架A面1列3层38/ [索取号:G807.04/30] | 在馆 | |
| 2 | 030388 | 200859570 | 中心书库北库/ 北库026架A面1列3层39/ [索取号:G807.04/30] | 在馆 | |
| 3 | 030389 | 200858287 | 中心书库北库/ 北库026架A面1列3层37/ [索取号:G807.04/30] | 在馆 |